000 00897cab a2200217 4500
001 ABS44018
008 090401t1991 xxu||||| |||| 00| 0 eng d
035 _a(Sirsi) u44815
041 _aeng
245 _aFocus: CPD
260 _c1991
350 _a0
490 _aChartered Quantity Surveyor
_v13(5) January 1991, 17-21(4)
520 _aThis feature on continuing professional development for quantity surveyors , identifies the events and activities which qualify for CPD , examines the wide range of topics available for study and the different methods of learning which will satisfy requirements and provides guidance on setting up a CPD group. Also reviews the attitude of QS practices towards CPD.
650 _aABOUT RICS-RICS MEMBERS
650 _aCAREERS, EDUCATION AND TRAINING
650 _aRICS
690 _aQuantity surveying
_96263
942 _n0
948 _c04/03/1997
999 _c28477
_d28477